<?xml version="1.0" encoding="UTF-8"?>
<record
    xmlns:xsi="http://www.w3.org/2001/XMLSchema-instance"
    xsi:schemaLocation="http://www.loc.gov/MARC21/slim http://www.loc.gov/standards/marcxml/schema/MARC21slim.xsd"
    xmlns="http://www.loc.gov/MARC21/slim">

  <leader>00679nam a22002057a 4500</leader>
  <controlfield tag="005">20251030155352.0</controlfield>
  <datafield tag="010" ind1=" " ind2=" ">
    <subfield code="a">ENG-147048</subfield>
  </datafield>
  <datafield tag="020" ind1=" " ind2=" ">
    <subfield code="c">899.00</subfield>
    <subfield code="a">9789364442541</subfield>
  </datafield>
  <datafield tag="035" ind1=" " ind2=" ">
    <subfield code="a">EN-130580</subfield>
  </datafield>
  <datafield tag="037" ind1=" " ind2=" ">
    <subfield code="b">DBAD</subfield>
  </datafield>
  <datafield tag="082" ind1=" " ind2=" ">
    <subfield code="a">658.4012</subfield>
    <subfield code="2">7</subfield>
  </datafield>
  <datafield tag="100" ind1=" " ind2=" ">
    <subfield code="a">Schilling, Melissa A.</subfield>
    <subfield code="9">85586</subfield>
  </datafield>
  <datafield tag="245" ind1="0" ind2="0">
    <subfield code="a">Strategic Management of Technological Innovation/</subfield>
    <subfield code="c">Melissa A. Schilling [and] Ravi Shankar</subfield>
  </datafield>
  <datafield tag="250" ind1=" " ind2=" ">
    <subfield code="a">3</subfield>
  </datafield>
  <datafield tag="260" ind1=" " ind2=" ">
    <subfield code="a">Chennai</subfield>
    <subfield code="b">McGraw Hill Education</subfield>
    <subfield code="c">2025</subfield>
  </datafield>
  <datafield tag="270" ind1=" " ind2=" ">
    <subfield code="a">Anjana Complex No. 5/90 A, Butt Road, St Thomas Mount</subfield>
    <subfield code="b">Chennai</subfield>
    <subfield code="e">600016</subfield>
  </datafield>
  <datafield tag="300" ind1=" " ind2=" ">
    <subfield code="a">xxii, 402p. </subfield>
    <subfield code="c">24cm(pb)</subfield>
  </datafield>
  <datafield tag="700" ind1=" " ind2=" ">
    <subfield code="a">Ravi Shankar</subfield>
    <subfield code="e">Author</subfield>
    <subfield code="9">85584</subfield>
  </datafield>
  <datafield tag="942" ind1=" " ind2=" ">
    <subfield code="2">ddc</subfield>
    <subfield code="c">EN</subfield>
    <subfield code="m">SCH</subfield>
    <subfield code="h">658.4012</subfield>
  </datafield>
  <datafield tag="999" ind1=" " ind2=" ">
    <subfield code="c">213695</subfield>
    <subfield code="d">213695</subfield>
  </datafield>
  <datafield tag="952" ind1=" " ind2=" ">
    <subfield code="0">0</subfield>
    <subfield code="1">0</subfield>
    <subfield code="4">0</subfield>
    <subfield code="7">0</subfield>
    <subfield code="8">NFIC</subfield>
    <subfield code="a">M</subfield>
    <subfield code="b">M</subfield>
    <subfield code="d">2025-10-30</subfield>
    <subfield code="e">Delivery of Books Act Division</subfield>
    <subfield code="g">899.00</subfield>
    <subfield code="l">0</subfield>
    <subfield code="o">SCH 658.4012</subfield>
    <subfield code="p">EN-130580</subfield>
    <subfield code="r">2025-10-30 00:00:00</subfield>
    <subfield code="t">1</subfield>
    <subfield code="v">899.00</subfield>
    <subfield code="w">2025-10-30</subfield>
    <subfield code="y">EN</subfield>
  </datafield>
</record>
